[Event "ESP-ch U18"]
[Site "Linares"]
[Date "2007.07.31"]
[Round "4"]
[White "Remoli Sargues, Francisco"]
[Black "Trigo Urquijo, Sergio"]
[Result "1-0"]
[WhiteElo "2267"]
[BlackElo "2145"]
[PlyCount "109"]
[EventDate "2007.07.29"]
[EventType "swiss"]
[EventRounds "9"]
[EventCountry "ESP"]
[SourceTitle "EXT 2008"]
[Source "ChessBase"]
[SourceDate "2007.11.25"]
[SourceVersion "1"]
[SourceVersionDate "2007.11.25"]
[SourceQuality "1"]

1. e4 d6 2. d4 Nf6 3. Nc3 e5 4. Nf3 Nbd7 5. Bc4 Be7 6. 0-0 0-0 7. Re1 c6 8. a4 b6 9. d5 cxd5 10. Nxd5 Bb7 11. b3 Rc8 12. Re2 Nxd5 13. Bxd5 Bxd5 14. Qxd5 Nf6 15. Qd1 d5 16. exd5 e4 17. Ng5 Qxd5 18. Qxd5 Nxd5 19. Nxe4 f5 20. c4 fxe4 21. cxd5 Bc5 22. Be3 Bxe3 23. Rxe3 Rc2 24. Rf1 Rb2 25. Rxe4 Rxb3 26. Rd1 Rd8 27. g3 Rf3 28. Re5 Kf7 29. Kg2 Rc3 30. Rd4 h6 31. Rf4+ Kg8 32. Re7 Rxd5 33. Rxa7 Ra3 34. h4 Ra5 35. Rxa5 bxa5 36. h5 g6 37. hxg6 Kg7 38. Rc4 Kxg6 39. f4 Ra2+ 40. Kh3 Ra1 41. Kg4 h5+ 42. Kh3 Rh1+ 43. Kg2 Ra1 44. Kh2 Kf5 45. Kh3 Ra2 46. Rc5+ Ke4 47. Rxa5 Kf3 48. f5 Rg2 49. f6 Rxg3+ 50. Kh4 Rg4+ 51. Kxh5 Rf4 52. Kg6 Ke4 53. f7 Rg4+ 54. Rg5 Rf4 55. Kg7 1-0

[Event "ESP-ch U18"]
[Site "Linares"]
[Date "2007.07.29"]
[Round "1"]
[White "Fernandez Molina, Victor Manuel"]
[Black "Remoli Sargues, Francisco"]
[Result "0-1"]
[WhiteElo "1936"]
[BlackElo "2267"]
[PlyCount "96"]
[EventDate "2007.07.29"]
[EventType "swiss"]
[EventRounds "9"]
[EventCountry "ESP"]
[SourceTitle "EXT 2008"]
[Source "ChessBase"]
[SourceDate "2007.11.25"]
[SourceVersion "1"]
[SourceVersionDate "2007.11.25"]
[SourceQuality "1"]

1. d4 Nf6 2. c4 e6 3. Nc3 Bb4 4. Qc2 0-0 5. Nf3 d5 6. Bg5 Nbd7 7. e3 c6 8. cxd5 exd5 9. Bd3 h6 10. Bh4 Qe8 11. 0-0 Bxc3 12. bxc3 Ne4 13. Bxe4 dxe4 14. Nd2 f5 15. f3 exf3 16. Rxf3 g5 17. Bg3 Nf6 18. Be5 Ng4 19. Nc4 Qe6 20. Qb3 Kh7 21. h3 Nxe5 22. Nxe5 Qxb3 23. axb3 Be6 24. c4 a5 25. Rf2 b5 26. Nxc6 bxc4 27. bxc4 Bxc4 28. Rxa5 Rxa5 29. Nxa5 Bd5 30. Rc2 f4 31. Rc7+ Kg6 32. Re7 Ra8 33. e4 Rxa5 34. exd5 Rxd5 35. Re6+ Kg7 36. Re4 Kf6 37. Kf2 Kf5 38. Kf3 h5 39. g4+ fxg3 40. Re8 h4 41. Rf8+ Kg6 42. Ke3 Rxd4 43. Rg8+ Kf6 44. Rf8+ Kg7 45. Rf5 Kg6 46. Rf8 Rf4 47. Rg8+ Kh6 48. Rh8+ Kg7 0-1

[Event "ESP-ch U18"]
[Site "Linares"]
[Date "2007.07.29"]
[Round "2"]
[White "Remoli Sargues, Francisco"]
[Black "Mejuto de Ulloa, Jorge"]
[Result "1/2-1/2"]
[WhiteElo "2267"]
[BlackElo "2062"]
[PlyCount "53"]
[EventDate "2007.07.29"]
[EventType "swiss"]
[EventRounds "9"]
[EventCountry "ESP"]
[SourceTitle "EXT 2008"]
[Source "ChessBase"]
[SourceDate "2007.11.25"]
[SourceVersion "1"]
[SourceVersionDate "2007.11.25"]
[SourceQuality "1"]

1. e4 c5 2. Nf3 Nc6 3. Bb5 g6 4. Bxc6 bxc6 5. 0-0 Bg7 6. Re1 Nf6 7. e5 Nd5 8. c4 Nb6 9. d3 0-0 10. Nc3 d5 11. Qe2 a5 12. h3 a4 13. Bf4 Bf5 14. Rad1 Qc8 15. Nb1 Qa6 16. Nbd2 Rfd8 17. Rc1 Rd7 18. g4 Be6 19. Ng5 Rb7 20. Nxe6 fxe6 21. g5 Nd7 22. Rc2 Rab8 23. Nf1 Qa5 24. Rd1 Qc7 25. Re1 Qa5 26. Rd1 Qc7 27. Re1 1/2-1/2

[Event "Cullera op-A"]
[Site "Cullera"]
[Date "2007.07.11"]
[Round "8"]
[White "Pous Bargues, Jose Manuel"]
[Black "Remoli Sargues, Francisco"]
[Result "1/2-1/2"]
[WhiteElo "2115"]
[BlackElo "2267"]
[PlyCount "116"]
[EventDate "2007.07.06"]
[EventType "swiss"]
[EventRounds "9"]
[EventCountry "ESP"]
[SourceTitle "CBM 119 Extra"]
[Source "ChessBase"]
[SourceDate "2007.09.04"]
[SourceVersion "1"]
[SourceVersionDate "2007.09.04"]
[SourceQuality "1"]

1. d4 Nf6 2. c4 e6 3. Nf3 b6 4. Bg5 Bb7 5. Nbd2 h6 6. Bh4 g5 7. Bg3 Bg7 8. Qc2 d6 9. h3 Nbd7 10. e4 Nh5 11. 0-0-0 Nxg3 12. fxg3 Qe7 13. g4 0-0-0 14. d5 Kb8 15. Kb1 Rc8 16. Bd3 Nc5 17. Nb3 Nxb3 18. Qxb3 c6 19. Rhe1 Rhe8 20. dxe6 fxe6 21. Qa3 Qc7 22. Rc1 Qf7 23. Rf1 Qf4 24. Nd4 Qe5 25. Nf3 Qg3 26. Ne1 c5 27. Qb3 Rf8 28. Qc2 Rxf1 29. Bxf1 Qf4 30. Bd3 d5 31. exd5 exd5 32. cxd5 Bxd5 33. Qe2 Bc6 34. Bf5 Re8 35. Qc2 Qg3 36. Nf3 Bxf3 37. gxf3 Qxf3 38. Qa4 Qe2 39. Qb3 Qe5 40. a3 Qe7 41. Ka2 Bd4 42. Rc2 Qf6 43. Qc4 Qe5 44. a4 Qd6 45. Re2 Qc6 46. Rxe8+ Qxe8 47. Bd3 Kc7 48. Kb3 Kd6 49. Qc2 Qe6+ 50. Bc4 Qe3+ 51. Ka2 Qf2 52. Qc1 Ke5 53. Bd3 Be3 54. Qc4 Bd4 55. Qc1 Qe3 56. Qf1 Kd6 57. Qf8+ Qe7 58. Qxh6+ Qe6+ 1/2-1/2

[Event "Lorca Narciso Yepes op"]
[Site "Lorca"]
[Date "2007.06.28"]
[Round "7"]
[White "Damljanovic, Branko"]
[Black "Remoli Sargues, Francisco"]
[Result "1-0"]
[WhiteElo "2585"]
[BlackElo "2267"]
[PlyCount "89"]
[EventDate "2007.06.25"]
[EventType "swiss"]
[EventRounds "9"]
[EventCountry "ESP"]
[SourceTitle "CBM 119 Extra"]
[Source "ChessBase"]
[SourceDate "2007.09.04"]
[SourceVersion "1"]
[SourceVersionDate "2007.09.04"]
[SourceQuality "1"]

1. Nf3 Nf6 2. c4 g6 3. Nc3 Bg7 4. e4 d6 5. d4 0-0 6. h3 e5 7. d5 Na6 8. Bg5 h6 9. Be3 Kh7 10. g4 Ng8 11. Bd3 Ne7 12. g5 h5 13. a3 c5 14. Rb1 b6 15. b4 Bd7 16. Bc2 Qc8 17. Nb5 Bxb5 18. cxb5 Nc7 19. bxc5 bxc5 20. Nd2 Qd7 21. a4 f5 22. Nc4 f4 23. Bd2 Nc8 24. Ba5 Rb8 25. Qf3 Na8 26. Ke2 Nab6 27. Bxb6 axb6 28. h4 Rf7 29. Ra1 Bf8 30. Bd3 Na7 31. Kd2 Be7 32. Bf1 Nxb5 33. axb5 Qxb5 34. Qc3 Qe8 35. Bh3 b5 36. Na5 Bd8 37. Nc6 Rb6 38. Ra8 Rxc6 39. dxc6 Qxc6 40. Rxd8 Qxe4 41. Ra1 f3 42. Raa8 Rb7 43. Qd3 Qb4+ 44. Kd1 e4 45. Rh8+ 1-0

[Event "Lorca Narciso Yepes op"]
[Site "Lorca"]
[Date "2007.06.28"]
[Round "8"]
[White "Remoli Sargues, Francisco"]
[Black "Vega Gomez, Francisco Borja"]
[Result "1/2-1/2"]
[WhiteElo "2267"]
[BlackElo "2117"]
[PlyCount "24"]
[EventDate "2007.06.25"]
[EventType "swiss"]
[EventRounds "9"]
[EventCountry "ESP"]
[SourceTitle "CBM 119 Extra"]
[Source "ChessBase"]
[SourceDate "2007.09.04"]
[SourceVersion "1"]
[SourceVersionDate "2007.09.04"]
[SourceQuality "1"]

1. e4 d5 2. exd5 Qxd5 3. Nc3 Qa5 4. d4 c6 5. Bc4 Nf6 6. Nf3 Bf5 7. Bd2 e6 8. Qe2 Bb4 9. 0-0 0-0 10. a3 Bxc3 11. Bxc3 Qc7 12. Bd3 Bxd3 1/2-1/2

[Event "Lorca Narciso Yepes op"]
[Site "Lorca"]
[Date "2007.06.25"]
[Round "2"]
[White "Remoli Sargues, Francisco"]
[Black "Lalic, Bogdan"]
[Result "1/2-1/2"]
[WhiteElo "2267"]
[BlackElo "2519"]
[PlyCount "42"]
[EventDate "2007.06.25"]
[EventType "swiss"]
[EventRounds "9"]
[EventCountry "ESP"]
[SourceTitle "CBM 119 Extra"]
[Source "ChessBase"]
[SourceDate "2007.09.04"]
[SourceVersion "1"]
[SourceVersionDate "2007.09.04"]
[SourceQuality "1"]

1. e4 c5 2. Nf3 d6 3. Bb5+ Nd7 4. 0-0 Ngf6 5. Re1 a6 6. Bf1 b6 7. d4 cxd4 8. Nxd4 Bb7 9. f3 e6 10. c4 Be7 11. Nc3 0-0 12. b3 Qb8 13. Be3 Bd8 14. Qd2 Bc7 15. g3 Rd8 16. Qf2 h6 17. Red1 Ne5 18. Bg2 d5 19. exd5 exd5 20. cxd5 Nxd5 21. Nxd5 Bxd5 1/2-1/2

[Event "Benidorm op rap 3rd"]
[Site "Benidorm"]
[Date "2006.12.09"]
[Round "7"]
[White "Remoli Sargues, Francisco"]
[Black "Vidarte Morales, Arturo"]
[Result "0-1"]
[WhiteElo "2278"]
[BlackElo "2405"]
[PlyCount "108"]
[EventDate "2006.12.07"]
[EventType "swiss (rapid)"]
[EventRounds "9"]
[EventCountry "ESP"]
[SourceTitle "CBM 115 Extra"]
[Source "ChessBase"]
[SourceDate "2007.01.10"]
[SourceVersion "1"]
[SourceVersionDate "2007.01.10"]
[SourceQuality "1"]

1. e4 c5 2. Nf3 e6 3. d3 Nc6 4. g3 Nge7 5. Bg2 d5 6. Nbd2 g6 7. 0-0 Bg7 8. Re1 b6 9. c3 Bb7 10. Qe2 h6 11. h4 Qc7 12. e5 g5 13. hxg5 hxg5 14. Nxg5 Qxe5 15. f4 Qxe2 16. Rxe2 Ba6 17. c4 Nd4 18. Rf2 Nc2 19. Rb1 Bd4 20. Ndf3 Bxf2+ 21. Kxf2 Nb4 22. Ne5 f6 23. a3 Nxd3+ 24. Nxd3 Bxc4 25. Nxc5 bxc5 26. Nxe6 Rc8 27. b4 Bd3 28. Rb3 c4 29. Rc3 Kf7 30. Nd4 Rh2 31. Kg1 Rch8 32. Nf3 R2h7 33. Be3 Nf5 34. Bf2 Rg7 35. Nd4 Nxd4 36. Bxd4 Ke6 37. Kf2 Rhg8 38. Bh3+ Kd6 39. g4 Rg6 40. Bxa7 Rh6 41. Kg3 Bf5 42. Bc5+ Kc6 43. Bd4 Bxg4 44. Bxg4 f5 45. Be5 Rxg4+ 46. Kf2 Rh2+ 47. Kf1 Rgg2 48. a4 Ra2 49. Kg1 Rhg2+ 50. Kh1 Rgd2 51. b5+ Kb7 52. Rc1 Rxa4 53. Bc3 Rd3 54. Be5 d4 0-1

[Event "Benidorm op rap 3rd"]
[Site "Benidorm"]
[Date "2006.12.07"]
[Round "2"]
[White "Malakhov, Vladimir"]
[Black "Remoli Sargues, Francisco"]
[Result "1-0"]
[WhiteElo "2682"]
[BlackElo "2278"]
[PlyCount "129"]
[EventDate "2006.12.07"]
[EventType "swiss (rapid)"]
[EventRounds "9"]
[EventCountry "ESP"]
[SourceTitle "CBM 115 Extra"]
[Source "ChessBase"]
[SourceDate "2007.01.10"]
[SourceVersion "1"]
[SourceVersionDate "2007.01.10"]
[SourceQuality "1"]

1. c4 g6 2. g3 Bg7 3. Bg2 Nf6 4. Nf3 0-0 5. 0-0 d6 6. Nc3 e5 7. d4 Nbd7 8. b3 c6 9. Bb2 Re8 10. e3 e4 11. Nd2 d5 12. b4 h5 13. f3 exf3 14. Qxf3 Qe7 15. a3 Qxe3+ 16. Qxe3 Rxe3 17. cxd5 Nxd5 18. Nxd5 cxd5 19. Bxd5 Nf6 20. Bg2 Bd7 21. Bxb7 Rae8 22. Nc4 Re2 23. Bf3 Rc2 24. Rfc1 Rxc1+ 25. Rxc1 Bh6 26. Rd1 Ba4 27. Ra1 Rc8 28. d5 Ng4 29. h3 Rxc4 30. hxg4 hxg4 31. Bd1 Be3+ 32. Kh1 Bd7 33. Bb3 Re4 34. Re1 f5 35. Kg2 Kf8 36. Bf6 Kf7 37. Bd8 g5 38. Bc7 Re8 39. Rf1 Bd4 40. Bc4 Kg6 41. b5 Re3 42. Rd1 Bc5 43. a4 Rc3 44. Bd3 Ra3 45. a5 Ra2+ 46. Kf1 Rh2 47. b6 Rh1+ 48. Ke2 Rh2+ 49. Ke1 Bb4+ 50. Kf1 Rh1+ 51. Kg2 Rxd1 52. b7 Rd2+ 53. Kf1 Rd1+ 54. Kg2 Rd2+ 55. Kh1 Rd1+ 56. Bf1 Rxf1+ 57. Kg2 Rd1 58. b8Q Rd2+ 59. Kf1 Bc5 60. Qg8+ Kh6 61. Be5 Bb5+ 62. Ke1 Re2+ 63. Kd1 Rxe5 64. Qh8+ Kg6 65. Qxe5 1-0

[Event "EU-ch U16"]
[Site "Herceg Novi"]
[Date "2006.09.17"]
[Round "7"]
[White "Remoli Sargues, Francisco"]
[Black "Pap, Gyula"]
[Result "0-1"]
[WhiteElo "2255"]
[BlackElo "2412"]
[PlyCount "104"]
[EventDate "2006.09.10"]
[EventType "swiss"]
[EventRounds "9"]
[EventCountry "MNE"]
[SourceTitle "CBM 114 Extra"]
[Source "ChessBase"]
[SourceDate "2006.11.03"]
[SourceVersion "1"]
[SourceVersionDate "2006.11.03"]
[SourceQuality "1"]

1. e4 c5 2. Nf3 e6 3. d3 Nc6 4. g3 g6 5. Bg2 Bg7 6. c3 d6 7. 0-0 e5 8. Be3 Nge7 9. a3 0-0 10. b4 b6 11. Qd2 Rb8 12. Ra2 f5 13. Nh4 Be6 14. Rc2 Rc8 15. f4 exf4 16. Bxf4 d5 17. exf5 Nxf5 18. Qe1 Qd7 19. Re2 Nxh4 20. Rxe6 Nxg2 21. Kxg2 Rce8 22. Rxe8 Rxe8 23. Qf2 d4 24. b5 dxc3 25. Qa2+ Kh8 26. bxc6 Qxc6+ 27. Kh3 Qd7+ 28. Kg2 Qxd3 29. Rf2 Qe4+ 30. Kh3 Bd4 31. Bg5 h6 32. Nxc3 Bxc3 33. Bf6+ Bxf6 34. Rxf6 c4 35. Qf2 Kg8 36. Qd2 Kg7 37. Qf2 Re7 38. Rf4 Qe6+ 39. Kg2 Qd5+ 40. Kh3 Qe6+ 41. Kg2 Qd5+ 42. Kh3 c3 43. a4 Qd7+ 44. Kg2 Qd2 45. Qxd2 cxd2 46. Rd4 Re2+ 47. Kf3 Rxh2 48. g4 Kf6 49. Kg3 Ke5 50. Rd8 Re2 51. Kf3 Re4 52. Re8+ Kf6 0-1

[Event "Benidorm op"]
[Site "Benidorm"]
[Date "2005.11.13"]
[Round "6"]
[White "Uribe Arteaga, Daniel"]
[Black "Remoli Sargues, Francisco"]
[Result "1/2-1/2"]
[WhiteElo "2145"]
[BlackElo "2194"]
[PlyCount "73"]
[EventDate "2005.11.10"]
[EventType "swiss"]
[EventRounds "9"]
[EventCountry "ESP"]
[SourceTitle "EXT 2007"]
[Source "ChessBase"]
[SourceDate "2006.11.23"]
[SourceVersion "1"]
[SourceVersionDate "2006.11.23"]
[SourceQuality "1"]

1. d4 Nf6 2. c4 g6 3. Nc3 Bg7 4. e4 d6 5. h3 0-0 6. Be3 e5 7. d5 a5 8. Bd3 Na6 9. Nge2 Nd7 10. g4 Ndc5 11. Ng3 Nxd3+ 12. Qxd3 Nc5 13. Qd2 f5 14. gxf5 gxf5 15. Nh5 f4 16. Bxc5 dxc5 17. Nxg7 Kxg7 18. 0-0-0 Ra6 19. f3 Rg6 20. Qf2 b6 21. h4 Rg8 22. h5 Rg3 23. Ne2 Rg5 24. b3 Qd6 25. Rhg1 Kh6 26. Qh4 Bd7 27. Rxg5 Rxg5 28. Rg1 Qf6 29. Kd2 Qg7 30. Qxg5+ Qxg5 31. Rxg5 Kxg5 32. Nc1 h6 33. Nd3 Kf6 34. Nf2 Ke7 35. Ke2 Kf6 36. Kd2 Ke7 37. Ke2 1/2-1/2

[Event "Benidorm op"]
[Site "Benidorm"]
[Date "2005.11.12"]
[Round "5"]
[White "Valmana Canto, Jaime"]
[Black "Remoli Sargues, Francisco"]
[Result "1/2-1/2"]
[WhiteElo "2257"]
[BlackElo "2194"]
[PlyCount "29"]
[EventDate "2005.11.10"]
[EventType "swiss"]
[EventRounds "9"]
[EventCountry "ESP"]
[SourceTitle "EXT 2007"]
[Source "ChessBase"]
[SourceDate "2006.11.23"]
[SourceVersion "1"]
[SourceVersionDate "2006.11.23"]
[SourceQuality "1"]

1. e4 d6 2. d4 Nf6 3. Nc3 e5 4. Nf3 Nbd7 5. Bc4 Be7 6. 0-0 c6 7. a4 0-0 8. Re1 a5 9. Bg5 Qc7 10. Ba2 exd4 11. Nxd4 Nc5 12. Qd2 Be6 13. Nxe6 fxe6 14. Bf4 Kh8 15. e5 1/2-1/2

[Event "Cullera op 26th"]
[Site "Cullera"]
[Date "2005.07.28"]
[Round "7.16"]
[White "Remoli Sargues, Francisco"]
[Black "Bermejo Martinez, Jorge"]
[Result "1/2-1/2"]
[WhiteElo "2139"]
[BlackElo "2171"]
[PlyCount "113"]
[EventDate "2005.07.21"]
[EventType "swiss"]
[EventRounds "9"]
[EventCountry "ESP"]
[SourceTitle "CBM 107 Extra"]
[Source "ChessBase"]
[SourceDate "2005.09.01"]
[SourceVersion "1"]
[SourceVersionDate "2005.09.01"]
[SourceQuality "1"]

1. e4 e6 2. d4 d5 3. Nc3 Nf6 4. Bg5 dxe4 5. Nxe4 Be7 6. Nxf6+ Bxf6 7. Bxf6 Qxf6 8. c3 b6 9. Be2 Bb7 10. Bf3 Bxf3 11. Qxf3 Qxf3 12. Nxf3 Nd7 13. 0-0-0 f6 14. Rhe1 Kf7 15. Rd3 g5 16. Nd2 h6 17. Kc2 Rac8 18. c4 Rhd8 19. b4 Nb8 20. Kc3 Rd7 21. Nb3 Nc6 22. Red1 Ne7 23. Na1 Rcd8 24. Nc2 a6 25. Ne3 b5 26. d5 exd5 27. Nxd5 bxc4 28. Kxc4 Nc6 29. Kc5 Ne5 30. Rd4 Rd6 31. b5 axb5 32. Nb4 Nd7+ 33. Kxb5 Rxd4 34. Rxd4 c5 35. Nc6 cxd4 36. Nxd8+ Ke8 37. Nb7 Ne5 38. Na5 d3 39. Nb3 Ng4 40. Kc4 Nxf2 41. h3 h5 42. Kd4 g4 43. hxg4 hxg4 44. Ke3 g3 45. Nc5 Ng4+ 46. Kxd3 f5 47. Ne6 Ke7 48. Nf4 Kd6 49. Ne2 Nf2+ 50. Ke3 Ne4 51. Kf4 Ke6 52. Nxg3 Nc3 53. a3 Nd5+ 54. Kf3 Ke5 55. Nf1 Kd4 56. g3 Kc3 57. Ne3 1/2-1/2

[Event "Cullera op 26th"]
[Site "Cullera"]
[Date "2005.07.24"]
[Round "3.11"]
[White "Remoli Sargues, Francisco"]
[Black "Kovacevic, Slobodan"]
[Result "0-1"]
[WhiteElo "2139"]
[BlackElo "2314"]
[PlyCount "200"]
[EventDate "2005.07.21"]
[EventType "swiss"]
[EventRounds "9"]
[EventCountry "ESP"]
[SourceTitle "CBM 107 Extra"]
[Source "ChessBase"]
[SourceDate "2005.09.01"]
[SourceVersion "1"]
[SourceVersionDate "2005.09.01"]
[SourceQuality "1"]

1. e4 c5 2. Nf3 e6 3. d3 Nc6 4. Nbd2 Nf6 5. g3 d5 6. Bg2 Be7 7. 0-0 b6 8. Re1 Bb7 9. exd5 Nxd5 10. Nc4 Bf6 11. Nfe5 Nxe5 12. Nxe5 Qc7 13. Ng4 Be7 14. Ne3 Nb4 15. a3 Bxg2 16. Kxg2 Nc6 17. Bd2 Nd4 18. c3 Qb7+ 19. f3 Nc6 20. Qe2 0-0 21. Rad1 Rfd8 22. Nc2 Rd7 23. Be3 Bf6 24. d4 cxd4 25. Nxd4 Bxd4 26. Bxd4 Rad8 27. Be3 h6 28. Bf2 Ne7 29. Rxd7 Qxd7 30. Qe4 Nf5 31. g4 Nd6 32. Qd3 Qc8 33. Rd1 Nb7 34. Qe2 Na5 35. Rxd8+ Qxd8 36. b4 Nc6 37. Qe4 Qd7 38. c4 Ne7 39. Qd4 Qc8 40. c5 Nd5 41. b5 Qc7 42. c6 Qd6 43. a4 f6 44. Kg1 Qa3 45. Qc4 Qa1+ 46. Kg2 Qe5 47. Qe4 Qd6 48. Bg3 e5 49. Qc4 Kf8 50. Qc1 Ke8 51. Qb1 Kf7 52. Qb3 Ke7 53. Be1 Qc5 54. Bf2 Qd6 55. Kf1 Ke6 56. Qd3 Ke7 57. h4 Nf4 58. Qxd6+ Kxd6 59. Be3 Nd3 60. Bd2 Kc7 61. a5 Nc5 62. axb6+ axb6 63. Ke2 Ne6 64. Bc3 Kd6 65. Bb4+ Kd5 66. Kd3 g6 67. Be7 f5 68. gxf5 gxf5 69. Ke3 Nc7 70. Bd8 Nxb5 71. Bxb6 Kxc6 72. Bd8 h5 73. Bf6 Kd5 74. Bd8 Nd6 75. Bc7 Nf7 76. Kd3 Kc6 77. Ba5 Kd5 78. Bc7 Nh8 79. Bd8 Ng6 80. Bg5 f4 81. Bd8 Nf8 82. Bg5 Ne6 83. Be7 Nd4 84. Bf6 Nxf3 85. Ke2 Ke4 86. Bd8 Nd4+ 87. Kf2 Kf5 88. Kg2 Kg4 89. Bf6 Nf3 90. Kf2 e4 91. Be7 Nxh4 92. Bc5 Nf5 93. Bb6 h4 94. Kg2 h3+ 95. Kh2 Nh4 96. Ba7 e3 97. Bb6 Nf3+ 98. Kh1 e2 99. Bf2 Ne5 100. Kg1 Nd3 0-1

[Event "ESP-chT U18"]
[Site "Madrid"]
[Date "2005.06.11"]
[Round "2.2"]
[White "Remoli Sargues, Francisco"]
[Black "Gimenez Martinez, Alberto"]
[Result "1-0"]
[WhiteElo "2119"]
[BlackElo "2016"]
[PlyCount "45"]
[EventDate "2005.06.10"]
[EventType "team"]
[EventRounds "5"]
[EventCountry "ESP"]
[SourceTitle "CBM 106 Extra"]
[Source "ChessBase"]
[SourceDate "2005.07.01"]
[SourceVersion "1"]
[SourceVersionDate "2005.07.01"]
[SourceQuality "1"]

1. e4 e5 2. Nf3 Nc6 3. Bb5 a6 4. Ba4 Nf6 5. d3 b5 6. Bb3 Bc5 7. Nc3 d6 8. Nd5 h6 9. 0-0 0-0 10. Be3 Rb8 11. Bxc5 dxc5 12. Qe1 Bg4 13. Nd2 Nxd5 14. exd5 Nd4 15. f3 Bf5 16. Qe3 Qd6 17. Rf2 Rb6 18. Ne4 Bxe4 19. fxe4 c4 20. dxc4 bxc4 21. Bxc4 Rxb2 22. Bb3 Qc5 23. a3 1-0

[Event "Valencia-chT Div Honor"]
[Site "Alfas del Pi"]
[Date "2005.01.23"]
[Round "3.5"]
[White "Buenafe Moya, Javier"]
[Black "Remoli Sargues, Francisco"]
[Result "1-0"]
[WhiteElo "2262"]
[BlackElo "2119"]
[PlyCount "139"]
[EventDate "2005.01.22"]
[EventType "team"]
[EventRounds "10"]
[EventCountry "ESP"]
[SourceTitle "CBM 104 Extra"]
[Source "ChessBase"]
[SourceDate "2005.03.01"]
[SourceVersion "1"]
[SourceVersionDate "2005.03.01"]
[SourceQuality "1"]

1. c4 g6 2. Nc3 Bg7 3. g3 Nf6 4. e4 d6 5. Bg2 0-0 6. f4 e5 7. Nf3 Nbd7 8. 0-0 c6 9. d3 Qc7 10. Nh4 Nb6 11. f5 d5 12. Qe2 dxc4 13. dxc4 Qe7 14. Nd1 Qc5+ 15. Ne3 g5 16. Nf3 h6 17. Qd3 a5 18. a4 Qe7 19. Rd1 Nbd7 20. b3 Nc5 21. Ba3 b6 22. Qd6 Qxd6 23. Rxd6 Nfxe4 24. Rxc6 Rd8 25. Nd5 Nxb3 26. Re1 Nec5 27. f6 Bf8 28. Ne7+ Bxe7 29. fxe7 Re8 30. Rxh6 Rxe7 31. Nxe5 Rb8 32. Bd5 Kg7 33. Rd6 f6 34. Rxf6 Kxf6 35. Bb2 Rxe5 36. Bxe5+ Kg6 37. Bxb8 Nxa4 38. Re8 Bd7 39. Rg8+ Kf6 40. Rf8+ Kg6 41. Be5 Nac5 42. Rf6+ Kh7 43. Rxb6 a4 44. Bf7 g4 45. Rb8 Kh6 46. Bf6 Bf5 47. h3 Ne4 48. Rh8+ Bh7 49. Bb2 gxh3 50. Bg8 Ng5 51. Bxh7 Nxh7 52. Ra8 Ng5 53. Kh2 Nd2 54. Bc1 Nf1+ 55. Kg1 Nxg3 56. Bxg5+ Kxg5 57. c5 Ne2+ 58. Kh2 Nd4 59. Rxa4 Nf3+ 60. Kxh3 Ne5 61. Ra6 Kf5 62. Rd6 Nf7 63. Rd1 Ne5 64. Kg3 Ke6 65. Kf4 Ng6+ 66. Ke4 Ne7 67. Rd6+ Kf7 68. c6 Nc8 69. Ke5 Ke7 70. Rd7+ 1-0

[Event "La Pobla de Vallbona op"]
[Site "La Pobla de Vallbona"]
[Date "2004.10.??"]
[Round "8"]
[White "Remoli Sargues, Francisco"]
[Black "Garcia Amoros, Pablo"]
[Result "1-0"]
[WhiteElo "2115"]
[BlackElo "2181"]
[PlyCount "109"]
[EventDate "2004.10.??"]
[EventType "swiss"]
[EventRounds "8"]
[EventCountry "ESP"]
[SourceTitle "EXT 2006"]
[Source "ChessBase"]
[SourceDate "2005.11.24"]
[SourceVersion "1"]
[SourceVersionDate "2005.11.24"]
[SourceQuality "1"]

1. Nc3 c5 2. d4 cxd4 3. Qxd4 Nc6 4. Qh4 d5 5. e3 Nf6 6. Nf3 Bf5 7. Bd3 Bxd3 8. cxd3 e6 9. 0-0 Bd6 10. e4 d4 11. Ne2 Qb6 12. Qg5 Rg8 13. e5 h6 14. Qf4 Nd5 15. Qe4 Bc5 16. Rb1 a5 17. Bd2 0-0-0 18. Rfc1 Kb8 19. Rc4 f5 20. exf6 Nxf6 21. Qh4 e5 22. Ng3 Rge8 23. Ne4 Be7 24. Nxf6 gxf6 25. Qe4 h5 26. Nh4 Bd6 27. Nf5 Bc7 28. b4 Ne7 29. Nxe7 Rxe7 30. Rc5 a4 31. Ra5 Qe6 32. Rxa4 f5 33. Qh4 Rg7 34. b5 Rdg8 35. g3 Bb6 36. Qxh5 f4 37. Qf3 fxg3 38. hxg3 Qh3 39. Be1 Rh7 40. Rc4 Rgh8 41. a4 Qe6 42. a5 Bc7 43. a6 Rh1+ 44. Qxh1 Rxh1+ 45. Kxh1 e4 46. a7+ Kxa7 47. Rxc7 Kb6 48. Rcc1 e3 49. Rc2 Qf7 50. Kg2 Qf5 51. fxe3 Qxd3 52. Rbb2 dxe3 53. Re2 Qe4+ 54. Kg1 Qf3 55. Rxe3 1-0

[Event "La Pobla de Vallbona op"]
[Site "La Pobla de Vallbona"]
[Date "2004.10.??"]
[Round "4"]
[White "Remoli Sargues, Francisco"]
[Black "Soriano Soler, Vicente"]
[Result "1-0"]
[WhiteElo "2115"]
[BlackElo "1913"]
[PlyCount "91"]
[EventDate "2004.10.??"]
[EventType "swiss"]
[EventRounds "8"]
[EventCountry "ESP"]
[SourceTitle "EXT 2006"]
[Source "ChessBase"]
[SourceDate "2005.11.24"]
[SourceVersion "1"]
[SourceVersionDate "2005.11.24"]
[SourceQuality "1"]

1. d4 d5 2. c4 c6 3. Nc3 e6 4. Nf3 f5 5. c5 Nf6 6. Bf4 Be7 7. e3 0-0 8. Bd3 Ne4 9. Bxe4 fxe4 10. Ne5 Nd7 11. h4 Nxe5 12. Bxe5 Qe8 13. Qe2 Rf5 14. Bf4 Bd7 15. f3 exf3 16. gxf3 Qh5 17. 0-0-0 b6 18. Qa6 bxc5 19. Qb7 Qe8 20. Ne2 c4 21. Rdg1 Rf7 22. Be5 Bf8 23. Nf4 Qc8 24. Qxc8 Bxc8 25. Rg3 a5 26. Rhg1 Raa7 27. h5 a4 28. a3 c3 29. h6 cxb2+ 30. Kb1 g6 31. Nxg6 hxg6 32. Rxg6+ Kh7 33. Rg8 Bg7 34. R8xg7+ Rxg7 35. hxg7 Kg8 36. Rh1 Rxg7 37. Bxg7 Kxg7 38. Kxb2 Ba6 39. Kc3 Kf6 40. Kb4 Bb5 41. Kc5 Ke7 42. Rh7+ Kf6 43. Kd6 Be2 44. Rh6+ Kf5 45. f4 Bb5 46. Rxe6 1-0

[Event "Mislata op 12th"]
[Site "Mislata"]
[Date "2004.08.27"]
[Round "9"]
[White "Gonzalez Aguirre, Luis"]
[Black "Remoli Sargues, Francisco"]
[Result "0-1"]
[WhiteElo "2175"]
[BlackElo "2039"]
[PlyCount "96"]
[EventDate "2004.08.19"]
[EventType "swiss"]
[EventRounds "9"]
[EventCountry "ESP"]
[SourceTitle "EXT 2005"]
[Source "ChessBase"]
[SourceDate "2004.11.15"]
[SourceVersion "1"]
[SourceVersionDate "2004.11.15"]
[SourceQuality "1"]

1. Nf3 Nf6 2. d4 c5 3. c3 b6 4. Bg5 Bb7 5. Nbd2 e6 6. e3 Be7 7. Bd3 d6 8. 0-0 Nbd7 9. Qc2 h6 10. Bh4 g5 11. Bg3 Nh5 12. Bg6 Nhf6 13. Bd3 Nh5 14. Be4 Nxg3 15. hxg3 d5 16. Bd3 c4 17. Be2 f5 18. b3 b5 19. a4 a6 20. Rfb1 g4 21. Nh4 Bxh4 22. gxh4 g3 23. fxg3 Qc7 24. Nf1 Nf6 25. Bf3 Ke7 26. axb5 axb5 27. b4 Bc6 28. Qb2 Qb7 29. Ra5 Ra6 30. Rxa6 Qxa6 31. Ra1 Qb7 32. Ra5 Ra8 33. Qa3 Kd8 34. h5 Kc7 35. Nh2 Kb8 36. Rxa8+ Qxa8 37. Qxa8+ Kxa8 38. g4 Be8 39. Kf2 Kb7 40. gxf5 exf5 41. Kg3 Bxh5 42. Kf4 Bxf3 43. gxf3 Nh5+ 44. Kxf5 Ng3+ 45. Ke5 Ne2 46. Kxd5 Nxc3+ 47. Ke5 Nd1 48. d5 c3 0-1